Counter-Strike IEM Sydney 2023 Players - Statistics

General Stats
  • This quiz has been taken 2 times
  • The average score is 22 of 80
Answer Stats
Team Country Player % Correct
Vitality France apEX
100%
Vitality Israel flameZ
100%
G2 Bosnia & Herzegovina huNter-
100%
G2 Russia m0NESY
100%
Vitality Denmark Magisk
100%
G2 Bosnia & Herzegovina NiKo
100%
Vitality Israel Spinx
100%
Vitality France ZywOo
100%
Natus Vincere Finland Aleksib
50%
Natus Vincere Ukraine b1t
50%
Monte Denmark br0
50%
FaZe Latvia broky
50%
Complexity United States EliGE
50%
MOUZ Slovakia frozen
50%
Complexity United States Grim
50%
Complexity Norway hallzerk
50%
Cloud9 Kazakhstan HObbit
50%
G2 Denmark HooXi
50%
Natus Vincere Romania iM
50%
G2 Australia jks
50%
Natus Vincere Lithuania jL
50%
Complexity South Africa JT
50%
FaZe Denmark karrigan
50%
fnatic Sweden KRIMZ
50%
fnatic United Kingdom mezii
50%
ENCE Israel NertZ
50%
FaZe Norway rain
50%
FaZe Estonia ropz
50%
Cloud9 Russia sh1ro
50%
MOUZ Poland siuhy
50%
GamerLegion Poland Snax
50%
ENCE Spain SunPayus
50%
MOUZ Hungary torzsi
50%
FaZe Canada Twistzz
50%
MOUZ Israel xertioN
50%
Lynn Vision China z4KR
50%
GamerLegion Denmark acoR
0%
VERTEX New Zealand ADDICT
0%
fnatic France afro
0%
Grayhound Australia aliStair
0%
Cloud9 Russia Ax1Le
0%
Natus Vincere Ukraine B1ad3
0%
VERTEX Australia BRACE
0%
Apeks North Macedonia CacaNito
0%
BetBoom Russia danistzzz
0%
Monte Ukraine DemQQ
0%
fnatic Australia dexter
0%
ENCE Poland dycha
0%
Cloud9 Russia electroNic
0%
Lynn Vision China EmiliaQAQ
0%
Complexity United States floppy
0%
VERTEX Australia hazr
0%
Grayhound Australia INS
0%
GamerLegion Sweden isak
0%
Lynn Vision China Jee
0%
Apeks Norway jkaem
0%
BetBoom Russia KaiR0N-
0%
GamerLegion Belgium Keoz
0%
Monte Poland kRaSnaL
0%
Apeks North Macedonia kyxsan
0%
Grayhound Australia Liazz
0%
ENCE Montenegro Maden
0%
VERTEX Australia malta
0%
BetBoom Russia nafany
0%
Apeks Sweden nawwk
0%
MOUZ Belgium Nexius
0%
Cloud9 Russia Perfecto
0%
VERTEX Australia pz
0%
fnatic Denmark roeJ
0%
BetBoom Russia S1ren
0%
Monte Ukraine sdy
0%
Apeks Norway sense
0%
Grayhound New Zealand Sico
0%
ENCE Denmark Snappi
0%
Lynn Vision China Starry
0%
Grayhound Australia Vexite
0%
GamerLegion Romania volt
0%
Lynn Vision China Westmelon
0%
Monte Ukraine Woro2k
0%
BetBoom Russia zorte
0%
No matching quizzes found
Score Distribution
Percent of People with Each Score
Percentile by Number Answered
Your Score History
You have not taken this quiz